000 00207 a2200085 4500
020 _a9781940743691
100 _aDoctor,Jimmy F
245 _aInterior Detailing: In Contract Works
260 _bORO Editions
_c 2019
999 _c13734
_d13734